| 000 | 01904cam a22004097a 4500 | ||
|---|---|---|---|
| 001 | 9344 | ||
| 003 | FISKH | ||
| 005 | 20251211123556.0 | ||
| 008 | 020910s2002 nyua b 000 1 eng | ||
| 010 | _a 2002513043 | ||
| 020 |
_a0439382262 _qpbk. |
||
| 020 |
_a9780439382267 _q(pbk.) |
||
| 035 | _a12925085 | ||
| 035 | _a(OCoLC)50411659 | ||
| 040 |
_aE3V _cE3V _dDLC _beng |
||
| 050 | _aPZ7.B6654 F | ||
| 082 | _a398.8 | ||
| 100 | 1 | _aBourgeois, Paulette. | |
| 245 | 1 | 0 |
_aFranklin says I love you / _cwritten by Paulette Bourgeois ; illustrated by Brenda Clark. |
| 260 |
_aNew York : _bScholastic, _c2002. |
||
| 300 |
_a32 unnumbered pages : _bcolor illustrations ; _c23 cm |
||
| 505 | _aN | ||
| 520 | _aA delightful storybook in the series that inspired the Franklin and Friends TV show! In this Franklin Classic Storybook, our hero is a very lucky turtle. He has the best friends, the best little sister, the best goldfish, and, of course, the best mother. But when he discovers that his mother's birthday is coming up, he can't find the best present. After giving it some serious thought, Franklin decides to do everything for his mom. On the morning of her birthday he takes her breakfast in bed, makes a brooch, draws a picture, and cuts fresh flowers from the garden! And then Franklin gives his mom a great big hug and says, "I love you" which is, of course, the best gift of all. | ||
| 521 |
_a560
_bLexile |
||
| 521 |
_aN
_bRaz-Plus |
||
| 650 | 1 |
_aMothers and sons _vFiction. |
|
| 650 | 1 |
_aBirthdays _vFiction. |
|
| 650 | 1 |
_aGifts _vFiction. |
|
| 650 | 1 |
_aLove _vFiction. |
|
| 650 | 1 |
_aTurtles _vFiction. |
|
| 650 | 1 |
_aAnimals _vFiction. |
|
| 655 | 7 |
_aFiction. _2lcgft _0https://id.loc.gov/authorities/genreForms/gf2014026339 |
|
| 700 | 1 |
_aClark, Brenda, _eillustrator |
|
| 906 |
_a7 _bcbc _ccopycat _d3 _encip _f20 _gy-gencatlg |
||
| 942 |
_2ddc _cBK _n0 |
||
| 999 |
_c9344 _d9344 |
||